| 000 | 00000nam##2200000za#4500 |
| 001 | 9.696833 |
| 003 | CaOODSP |
| 005 | 20210624235218 |
| 007 | cr ||||||||||| |
| 008 | 150407|2000||||xxc|||||o f|0| 0 eng|d |
| 040 | |aCaOODSP|beng |
| 043 | |an-cn--- |
| 086 | 1 |aE97-62/2000E-PDF |
| 110 | 1 |aCanada.|bInternational Development Research Centre. |
| 245 | 10|aSocioeconomic renovation in Viet Nam : |h[electronic resource]|bthe origin, evolution, and impact of doi moi / |cedited by Peter Boothroyd and Pham Xuan Nam. |
| 260 | |bInternational Development Research Centre |cc2000. |
| 300 | |a192p.|bfigs., tables |
| 504 | |aBibliography. |
| 590 | |a12-41-Supp|b2012-11-07 |
| 690 | 07|aReform|2gcpds |
| 690 | 07|aSocial development|2gcpds |
| 856 | 40|ahttp://publications.gc.ca|qPDF|s10.15 MB|uhttps://publications.gc.ca/collections/collection_2012/crdi-idrc/E97-62-2000-eng.pdf |